000 02688nam0a2200493 4500
001 RU\NLR\BIBL_A\022045865
005 20231025103553.0
010 _a978-5-907589-25-4
_91000
021 _aRU
_bАЛ-П-23-00803и
_9АЛ-П-23-0167
035 _a(NLR Aleph) 022045865
035 _a(RuMoRGB)012058657
090 _a12583571
_c12583571
100 _a20231011d2023 u y0rusy50 ca
101 0 _arus
_aeng
102 _aRU
105 _aach z 000zy
181 0 _ab3
_bxb2e
181 0 _ai2
_baxxe
182 0 _an
200 1 _aПансионат "Дружба"
_dSanatorium Druzhba
_eжемчужина позднесоветского модернизма
_e[альбом]
_fИгорь Василевский, Роза Тевосян
_gвступительная статья Н. Ю. Васильева
_gавторы фотографий: Филипп Мойзер [и др.]
_zeng
203 _aИзображение
_aТекст
_bвизуальные
_cнепосредственные
210 _aМосква
_cКучково поле Музеон
_d2023
215 _a167 с.
_cил., цв. ил., портр., факс.
_d23
300 _aАвт. также на англ. яз.: Igor Vasilevsky, Roza Tevosyan
300 _aНа 160-161-й с. 1-й авт.: И. А. Василевский, заслуж. архитектор Рос. Федерации, проф., лауреат Гос. премии ЧССР
300 _aТекст парал.: рус., англ.
320 _aБиблиогр.: с. 162 и в подстроч. примеч.
510 1 _6z11790
_aSanatorium Druzhba
_zeng
601 0 2 _a"Дружба", пансионат
_cКурпаты, поселок; Крымская область
_2nlr_sh2
_3RU\NLR\AUTH\6601731004
606 1 _aМодернизм
_xв архитектуре
_yСССР
_2nlr_sh2
_3RU\NLR\AUTH\661599952
686 1 _aЩ113(2Р-6Крм)7-699Крымская обл.
686 1 _aЩ113(2)7-239
686 1 _aР354.99(2Р-6Крм)
700 1 _aВасилевский
_bИ. А.
_f1935-
_gИгорь Александрович
701 1 _aТевосян
_bР. И.
_gРоза Ивановна
702 1 _aМойзер
_bФ.
_gФилипп
_4600
712 0 2 _a"Дружба", пансионат
_cпос. Курпаты, Крымская обл.
_3RU\NLR\AUTH\880599458
_4570
790 1 _6z11
_aVasilevskij
_bI. A.
_f1935-
_gIgor' Aleksandrovič
790 1 _6z11
_6z11510
_aTevosjan
_bR. I.
_gRoza Ivanovna
942 _cBOOK
980 _aNB